000 00595nam a2200217Ia 4500
003 GCL
008 140319s9999 xx 000 0 ara d
040 _aGCL /
_cGCL
082 0 4 _a398.21
_bف ت
100 1 _aعادل زعيتر
245 1 0 _aتلماك /
_cعادل زعيتر
700 1 _aفنلون
490 _a100 قصة
_v0
650 0 4 _aالاساسات
650 0 4 _aالاساطير القديمة
650 0 4 _aالخرافات
650 0 4 _aالاساطير
650 0 4 _aالاساطير اليونانية
650 0 4 _aالخوارق الطبقية
942 _2ddc
_cBK
999 _c45603
_d45603